00555cam a22001931a 45000010009000000050017000090080041000260100017000670200019000840400018001030410008001210430012001290800020001410820024001611000007001851010008001922450096002005040065002961273314820171222081708.0020408s2002 cau b 001 0 eng  a 2002005574 a0761987703 (c) aDLCcDLCdDLC aeng an-us--- a362.630973 ROB00a362.630973 ROB2211 a50 aSOC10aCommunity resources for older adults :cRobbyn R. Wacker, Karen A. Roberto, Linda E. Piper. aIncludes bibliographical references a(p. 417-454) and index.